YOGARATNAM (Record no. 8450)

MARC details
000 -LEADER
fixed length control field 00281nam a22001337a 4500
003 - CONTROL NUMBER IDENTIFIER
control field SGT
082 ## - DEWEY DECIMAL CLASSIFICATION NUMBER
Classification number 615.53
Item number Y15S
100 ## - MAIN ENTRY--PERSONAL NAME
Personal name SASTRI,VAIDYA LAXMIPATI
245 ## - TITLE STATEMENT
Title YOGARATNAM
260 ## - PUBLICATION, DISTRIBUTION, ETC. (IMPRINT)
Place of publication, distribution, etc VARANASI
Name of publisher, distributor, etc CHAUKHAMBHA
Year of Publication 2015
300 ## - PAGE DESCRIPTION
No. of Pages 504
650 ## - SUBJECT ADDED ENTRY--TOPICAL TERM
Topical term or geographic name as entry element AYURVEDA
942 ## - ADDED ENTRY ELEMENTS (KOHA)
Source of classification or shelving scheme Dewey Decimal Classification
Koha item type Books
942 ## - ADDED ENTRY ELEMENTS (KOHA)
-- 5
Holdings
Withdrawn status Lost status Source of classification or shelving scheme Damaged status Not for loan Collection code Home library Current library Shelving location Date acquired Vendor Name Cost, normal purchase price SGTU Bill Number Total Checkouts Full call number Accession No. (Barcode) Date last seen Date last borrowed Bill Date Koha item type Use restrictions
    Dewey Decimal Classification     AYURVEDA SGT FA-FP Library SGT FA-FP Library Text Book 15/03/2016 CHAUKHAMBHA 495.00 SGTU CP/B/724 1 615.53 Y15S FA3586 25/02/2017 17/02/2017 16/12/2015 Books  
    Dewey Decimal Classification     AYURVEDA SGT FA-FP Library SGT FA-FP Library Text Book 15/03/2016 CHAUKHAMBHA 495.00 SGTU CP/B/724 2 615.53 Y15S FA3587 14/02/2019 12/02/2019 16/12/2015 Books  
    Dewey Decimal Classification     AYURVEDA SGT FA-FP Library SGT FA-FP Library Text Book 15/03/2016 CHAUKHAMBHA 495.00 SGTU CP/B/724 5 615.53 Y15S FA3588 22/02/2023 21/02/2023 16/12/2015 Books  
    Dewey Decimal Classification     AYURVEDA SGT FA-FP Library SGT FA-FP Library Reference Book 15/03/2016 CHAUKHAMBHA 495.00 SGTU CP/B/724   615.53 Y15S FA3589 15/03/2016   16/12/2015 Books Restricted Access
    Dewey Decimal Classification     AYURVEDA SGT FA-FP Library SGT FA-FP Library Text Book 15/03/2016 CHAUKHAMBHA 495.00 SGTU CP/B/724 6 615.53 Y15S FA3590 03/02/2025 03/02/2025 16/12/2015 Books